00333nam a2200133Ia 4500008004100000041000800041082001700049100001700066245002100083260002000104300000800124365001600132700005100148230718s9999 xx 000 0 und d aeng a005.678bBOU aBoumphrey F. aXML Applications c2000bMicrosoft a648 cRs.b400.00 aBoumphrey F.; Direnzo O.; Duckett J. & Graf J.